01517nam a2200301Ia 4500003000400000005001700004008004100021020001800062040003500080041000800115084001100123245012900134250002200263264003900285300006400324336002700388337003300415338002800448500016700476650002400643650002000667650002100687650003900708650001900747650001800766650003500784700039600819OSt20201019171107.0200115s9999 xx 000 0 und d a9789589109267 aCO-BoRNBPbspaerdacCO-BoRNBP aspa aP RIO1 0aRíos paralelos III :b antología del Taller de Poesía Ulrika UPN /c Rafael del Castillo Matamoros ... [y otros nueve] aPrimera edición 1aBogotá :b Ulrika Editoresc2019 a101 páginas :b ilustraciones en blanco y negro ;c 22 cm atextobtxt2rdacontent asin mediaciónbn2rdamedia avolumenbnc2rdacarrier aRecomendado para público adulto \ Incluye datos biográficos de los autores \ Proyecto ganador de la Beca a la Edición de Antologías de Talleres Literarios17aAutores colombianos17aFamilia poesia17aInvierno poesia17aLiteratura colombiana colecciones17aMusica poesia17aNoche poesia17aPoesia colombiana colecciones1 aCastillo Matamoros, Rafael del Gómez, Duvan Estupiñán, Carlos Gualteros, Charol Rodríguez, Fabián Roa, Sneider Sabogal, Leandro Reyes, Alejandra Barbosa Montenegro, Sebastián \ Castillo Matamoros, Rafael del \ Gómez, Duvan \ Estupiñán, Carlos \ Gualteros, Charol \ Rodríguez, Fabián \ Roa, Sneider \ Sabogal, Leandro \ Reyes, Alejandra \ Barbosa Montenegro, Sebastián